000 00661nam a2200241Ia 4500
003 OSt
005 20220918214834.0
006 a|||||r|||| 00| 0
007 ta
008 220917b |||||||| |||| 00| 0 eng d
024 _a139,105
037 _cTextual
040 _aARTS
_cARTS
_beng
041 _2eng
_aeng
082 _aY:1.2, M0
100 _aNagpaul Hans
_9132613
245 0 _aCulture, education and social welfare
_b need for indigenous foundations
260 _aNew Delhi
_bS Chand and Company
_c1980
300 _ax,420p.
_ccm.
650 _aSOCIOLOGY
942 _hY:1.2, M0
_cTEXL
_2CC
999 _c262135
_d262135